| 000 | 00542cam a22002052 4500 | ||
|---|---|---|---|
| 001 | 0000002165 | ||
| 005 | 20151217151841.0 | ||
| 008 | 070403s xx 000 0 eng d | ||
| 020 |
_a1854182439 : _cKES 2,398 |
||
| 040 |
_aKABU _cKABU |
||
| 050 | 0 |
_aHF5415 _b.K47 |
|
| 100 | 1 |
_aKermally, Sultan. _@0000151428 |
|
| 245 | 1 | 0 | _aGurus on marketing. |
| 260 |
_aLondon : _bThorogood, _c2003. |
||
| 300 | _a156 p. | ||
| 650 | 0 |
_aMarketing. _@0000151351 |
|
| 908 | _a070403 | ||
| 950 | _@1 | ||
| 999 |
_c5679 _d5679 |
||